000 01520nam a22002657a 4500
999 _c21945
_d21945
003 AR-CdUCM
008 190425b ||||| |||| 00| 0 spa d
040 _aMUNICIPALIDAD PROVINCIAL DEL CUSCO
_cBIBLIOTECA MUNICIPAL DEL CUSCO
082 _aRev.Anto/N°116/2010
110 _aUniversidad Nacional de San Antonio Abad del Cusco
_915942
245 _aEl Antoniano :
_bRevista científico cultural de la Universidad Nacional de San Antonio Abad del Cusco /
_cHugo Bonet Rodríguez, director
260 _aCusco :
_bUNSAAC,
_c2010.
300 _a190 páginas. :
_bilustraciones ;
_c29 cm.
440 _aEl Antononiano.
_nAño 20, N°116, 2010.
_946955
505 _aContenido: Negro y Yana en la región Eurandina. Jorge Flores Ochoa. -- Juan Bravo Vizcarra. Ángel Avendaño. -- Escultura colonial cusqueña. Francisco de Goya Benavente Gutiérrez. -- Garcilaso Inca de la Vega. Carlos Rado. -- Cosmovisiones amazónicas. Rodolfo Sánchez Garrafa. -- La industria en el Cusco. Diana Castillo. -- El trueque. Mario Morvelí Salas. -- Yachachiq. Gonzalo Valderrama Escalante. -- Contaminación del río Huatanay. Carlos Hugo Loaiza. -- Somos los Inkas. Juan Bravo Vizcarra.
650 _aFolklore cusqueño
_98693
650 _aIdentidad cultural
_92943
650 _aInkas
_91899
650 _aAntropología cusqueña
_945862
700 _aFlores Ochoa, Jorge
_92915
700 _aMorvelí Salas, Mario
_97203
710 _aUniversidad Nacional de San Antonio Abad del Cusco
_915942
942 _2ddc
_cPP
945 _arac